NLSUI OPAC header image

Karl Marx : A reader (Record no. 27669)

MARC details
000 -LEADER
fixed length control field 00414nam a2200157Ia 4500
008 - FIXED-LENGTH DATA ELEMENTS--GENERAL INFORMATION
fixed length control field 160316s1999 xxu||||| |||| 00| 0 eng d
082 ## - DEWEY DECIMAL CLASSIFICATION NUMBER
Classification number 335.400000
Item number ELS
100 ## - MAIN ENTRY--PERSONAL NAME
Personal name Elster Jon
245 ## - TITLE STATEMENT
Title Karl Marx : A reader
250 ## - EDITION STATEMENT
Edition statement
260 ## - PUBLICATION, DISTRIBUTION, ETC.
Place of publication, distribution, etc. Cambridge
Name of publisher, distributor, etc. Cambridge University Press
Date of publication, distribution, etc. 1999
300 ## - PHYSICAL DESCRIPTION
Extent 345p
Other physical details
Dimensions vi
365 ## - TRADE PRICE
Price amount Rs. 2,124
650 ## - SUBJECT ADDED ENTRY--TOPICAL TERM
Topical term or geographic name entry element 1. Marx Karl - 1818 - 1883<br/>2. Communism<br/>
700 ## - ADDED ENTRY--PERSONAL NAME
Personal name
--
Holdings
Withdrawn status Lost status Damaged status Not for loan Home library Current library Shelving location Date acquired Cost, normal purchase price Total Checkouts Full call number Barcode Date last seen Price effective from Koha item type
        . .   30.05.2017 2124.00   335.4 ELS 25075 30.05.2017 30.05.2017 BOOKs